Регионална библиотека "Любен Каравелов" - Русе

Физика (Запис номер 59718)

MARC детайли
000 -Лидер
Контролно поле с фиксирана дължина 01196nam a2200301 c 4500
003 - Код на организацията, давaща контролен номер
Контролно поле BLK
005 - Дата и час на последна редакция
Контролно поле 20230419103453.0
008 - Елементи от данни с фиксирана дължина
fixed length control field 180408b bul|||||r ||||||| ||bul||
010 ## - Наследен системен номер
LC control number KNG00063836000
040 ## - Източник на каталожния запис
Идентификатор на билиотеката - собственик на записа BLK
041 ## - Код за език
Код за езика на текст/звукозапис или на отделно заглавие Български
Код за езика КДБФ Български
080 ## - УДК
Текстов определител УДК Физика
УДК код - определител по УДК 53
УДК определител (075.8)
УДК - код + определител 53(075.8)
100 1# - Редна дума - Автор
Автор Ралчев, Иван М.
Авторска отговорност първи автор
R(LIN) 289197
139 ## - Редно поле
Редна дума Ралчев, Иван М. и др.
Авторски знак Рал - Р 32
245 10 - Сведения за заглавието
Заглавие Физика
Подзаглавни данни Учебник за курсантите от ВНВМУ Н. Й. Вапцаров - Варна
Редно поле (дума) Иван М. Ралчев; съавт. Рали В. Ралев; съавт. Стоян Р. Миленков.
257 ## - Страна на издаване
Страна на създаване/издаване България
260 ## - Област на издателските данни
Място на издаване, разпространение и проч. Варна
Име на издателя, разпространителя и проч. Компас
Година на издаване 1993
Печатница Враца : Полипринт
300 ## - Физическа характеристика
Страници 463 с.
Илюстрации и др. с черт., табл., диагр.
Размери/Мащаб 20 см
380 ## - Жанр
Жанр Естествени науки. Математика
650 #4 - Допълнително описание по предмет – тема
Основно описание – тема или топоним Физика - учебници за ВУЗ
9 (RLIN) 241824
700 1# - Други автори (авторска отговорност)
Лично име Ралев, Рали В.
Автороска отговорност (Описва отношението между автора и произведението) съавт.
9 (RLIN) 289198
700 1# - Други автори (авторска отговорност)
Лично име Миленков, Стоян Р.
Автороска отговорност (Описва отношението между автора и произведението) съавт.
9 (RLIN) 289199
852 ## - Местоположение
Форматна сигнатура Цб 173200
Фондова буква Хранилище
856 4# - Електронен адрес и достъп
Електронен формат pdf - файл
Инструкция (цена за достъп) 0.00
Права за достъп disable
856 4# - Електронен адрес и достъп
Електронен формат pdf - файл
Инструкция (цена за достъп) 0.00
Права за достъп disable
999 ## - СИСТЕМНИ КОНТРОЛНИ НОМЕРА
Koha biblionumber 59718
Koha biblioitemnumber 59718
942 ## - АРТИКУЛИ
Вид на библиотечния материал Книги
Скрит в OPAC Не
Периодичен библиозапис Да
944 ## - СЪЗДАВАНЕ И РЕДАКЦИЯ на ЗАПИСА
Създаване/Редакция Създаване
Дата на регистрацията/редакция 27.01.2017
Служител, извършил регистрацията/редакцията Правда_Бадева
944 ## - СЪЗДАВАНЕ И РЕДАКЦИЯ на ЗАПИСА
Създаване/Редакция Редакция
Дата на регистрацията/редакция 27.01.2017
Служител, извършил регистрацията/редакцията Правда_Бадева
999 ## - СИСТЕМНИ КОНТРОЛНИ НОМЕРА
Koha biblioitemnumber 59718
Наличности
Код за отписване Код за изгубен артикул Източник на класификационната схема Код за повреда Коз за рестрикции Код за отдаване Артикулен № Име на библиотеката - собственик Име на библиотеката, в която се намира в момента Статус (Текущо местоположение) Дата на вписване в системата Местоположение - отдел Цена в лева Инвентарен номер Систематично азбучна сигнатура Баркод Номер на екземпляра Цена в евро Служебна бележка Служебен тип на артикула
  Не е изгубен Universal Decimal Classification Не е повреден без рестрикции ползва се в читалня 97571 Регионална библиотека "Любен Каравелов" Русе Регионална библиотека "Любен Каравелов" Русе Хранилище 1993-01-01 Хранилище 0.00 580051 Цб 173200 120000580051 1 0.00 N: стар фонд Дата: 01.01.1993 Книги
Vip Innovations Ltd, Rousse, Bulgaria 2025